Crítica de la filosofía del estado y del derecho de Hegel

Uloženo v:
Podrobná bibliografie
Hlavní autor: Marx, Carlos
Médium: Text
Vydáno: México D.F.: Ediciones de Cultura Popular
Tagy: Přidat tag
Žádné tagy, Buďte první, kdo vytvoří štítek k tomuto záznamu!

MARC

LEADER 00000 a a2200000 04500
001 24649
003
040
090 |a 169800  
100 |a Marx, Carlos  
245 |a Crítica de la filosofía del estado y del derecho de Hegel  
260 |a México D.F.:   |b Ediciones de Cultura Popular  
300 |a 194 p.  
999 |c 10436  |d 10436